DI FIORES ATLAS OF HISTOLOGY WITH FUNCTIONAL CORRELATIONS (Record no. 2568)

MARC details
000 -LEADER
fixed length control field 00397nam a2200145Ia 4500
008 - FIXED-LENGTH DATA ELEMENTS--GENERAL INFORMATION
fixed length control field 150201s2001 xx 000 0 und d
082 ## - DEWEY DECIMAL CLASSIFICATION NUMBER
Classification number 611.018
Item number D2001E
100 ## - MAIN ENTRY--PERSONAL NAME
Personal name VICTOR P.EROSCHENKO
245 ## - TITLE STATEMENT
Title DI FIORES ATLAS OF HISTOLOGY WITH FUNCTIONAL CORRELATIONS
250 ## - EDITION STATEMENT
Edition statement 9TH
260 ## - PUBLICATION, DISTRIBUTION, ETC. (IMPRINT)
Name of publisher, distributor, etc. LIPPINCOTT PUBLICATION
Place of publication, distribution, etc. PHILADELPHIA
Date of publication, distribution, etc. 2001
300 ## - PHYSICAL DESCRIPTION
Extent 1-363
650 ## - SUBJECT ADDED ENTRY--TOPICAL TERM
Topical term or geographic name as entry element ANATOMY
942 ## - ADDED ENTRY ELEMENTS (KOHA)
Source of classification or shelving scheme Dewey Decimal Classification
Koha item type Books
Holdings
Withdrawn status Lost status Source of classification or shelving scheme Damaged status Not for loan Home library Current library Date acquired Source of acquisition Cost, normal purchase price Serial Enumeration / chronology SGTU Bill Number Total Checkouts Full call number Barcode Date last seen Bill Date Koha item type Date last checked out
    Dewey Decimal Classification     SGT Dental Library SGT Dental Library 09/07/2003 U.B.S.DELHI 22.00 1 SGTU 279   611.018 D2001E FD520 09/02/2015 31/01/2012 Books  
    Dewey Decimal Classification     SGT Dental Library SGT Dental Library 09/07/2003 U.B.S.DELHI 22.00 1 SGTU 279   611.018 D2001E FD521 09/02/2015 31/01/2012 Books  
    Dewey Decimal Classification     SGT Dental Library SGT Dental Library 09/07/2003 U.B.S.DELHI 22.00 1 SGTU 279 1 611.018 D2001E FD522 18/10/2017 31/01/2012 Books 18/10/2017
    Dewey Decimal Classification     SGT Dental Library SGT Dental Library 13/07/2003 U.B.S.DELHI 1100.00 1 SGTU 279 1 611.018 D2001E FD569 13/05/2017 31/01/2012 Books 13/05/2017
    Dewey Decimal Classification     SGT Dental Library SGT Dental Library 13/07/2003 U.B.S.DELHI 1100.00 1 SGTU 279 4 611.018 D2001E FD570 12/02/2020 31/01/2012 Books 12/02/2020